| 000 | 01367nam a2200229Ia 4500 | ||
|---|---|---|---|
| 003 | Ost | ||
| 005 | 20260507075113.0 | ||
| 008 | 260507s9999||||xx |||||||||||||| ||und|| | ||
| 020 | _a6237069960 | ||
| 040 | _cfsecg | ||
| 041 | _aara | ||
| 082 | _a600 | ||
| 100 |
_aالإدريسي، مصطفى محمد الحسن _eمؤلف |
||
| 245 | 0 |
_aمبادئ الاقتصاد الهندسي / _c مصطفى محمد الحسن الإدريسي |
|
| 260 |
_aجدة: _bمركز النشر العلمي, _c2000 |
||
| 300 |
_a269 صفحة؛ _bإيضاحات ؛ _c24 سم |
||
| 504 | _aالملاحق:ص.217-221؛اببليوغرافيا:ص.223-226 الجداول:ص.227-253؛كشاف المصطلحات:ص.255-2269 | ||
| 520 | _aالمقياس المالي،المقاييس غير المالية،أهمية الاقتصاد الهندسي في الدول النامية،مفاهيم التكلفة،القيمة الزمنية للنقود،قياس قيمة الاستثمار،مقارنة البدائل وسياسات الإحلال،الاستهلاك،التحليل الاقتصادي لمشاريع القطاع العام،تحليل التعادل،تحليل المخاطرة وعدم التأكد | ||
| 653 | _aالاقتصاد الهندسي | ||
| 700 |
_aالجفري، محمد الصادق عبد الله _eمؤلف ثانوي |
||
| 942 | _cكتاب | ||
| 999 |
_c42953 _d42953 |
||